Kanclerze Niemiec od 1949r. - Nagła Śmierć - Statystyki

Ogólne statystyki
  • Ten quiz został rozwiązany 45 razy
    15 od ostatniego zresetowania
  • Średni wynik to 8 z 10
Answers on the Grid
Answers color-coded by a green-red scale on the quiz's grid according to % correct below.
Konrad Adenauer
Ludwig Erhard
Kurt Georg Kiesinger
Willy Brandt
Helmut Schmidt
Helmut Kohl
Gerhard Schröder
Angela Merkel
Olaf Scholz
Friedrich Merz
Ursula von der Leyen
Walter Ulbricht
Erich Honecker
Frank-Walter Steinmeier
Horst Köhler
Karl Dönitz
Theodor Heuss
Egon Krenz
Hubertus Heil
Helge Braun
Paul von Hindenburg
 
Statystyki odpowiedzi
Odpowiedź % Poprawnych
Angela Merkel
100%
Gerhard Schröder
100%
Konrad Adenauer
100%
Willy Brandt
100%
Helmut Schmidt
80%
Kurt Georg Kiesinger
80%
Ludwig Erhard
80%
Olaf Scholz
80%
Friedrich Merz
60%
Helmut Kohl
60%
Nie znaleziono quizów pasujących do podanych kryteriów
Rozkład punktacji
Procent ludzi z każdym wynikiem
Percentyl według liczby udzielonych odpowiedzi
Twoja historia wyników
Nie rozwiązałeś tego quizu od ostatniego zresetowania